000 00622nam a2200253Ia 4500
005 20260121153658.0
008 008 260114s9999 xx 000 0 eng d
020 _a9780429503559
037 _aEBOOK
040 _aCRL
040 _beng
040 _cCRL
041 _2eng
041 _aeng
084 _qCRL
100 _aPeskin, M.E. and Schroeder, D.V.
_9997769
245 3 _aAn Introduction to Quantum Field Theory
260 _bTaylor and Francis
260 _c1995
856 _uhttp://www.taylorfrancis.com/books/9780429503559
942 _cEBOOK
999 _c1564588
_d1564588